000 00622nam a2200205 a 4500
003 DO-SdBNP
005 20221115133450.0
007 ta
008 221115b200? |||ad||er|||| 001 0dspa d
040 _aDO-SdBNP
_bspa
_cBNPHU
082 4 _222
_bJ58g
245 1 0 _aGanarle a la vida con el 3, 6, 9 tesla. /
_cAgustín de Jesús de Paula
260 _a[s.l] :
_b[s.n],
_c[200?]
300 _a369 p. :
_bil., gráf. ;
_c22 cm.
500 _aIncluye datos biográficos del autor en la p. 26
590 _aInventariado 2022 / MF
650 4 _918199
_aNumerología
_xRepública Dominicana
910 _aMFeliz
942 _2ddc
_cLBS1
999 _c52938
_d52938